[Event "FIDE Online Steinitz Memorial Open"]
[Site "Internet"]
[Date "2020.05.17"]
[Round "13"]
[White "Svidler, Peter"]
[Black "Mamedyarov, Shakhriyar"]
[Result "1-0"]
[WhiteElo "2754"]
[BlackElo "2716"]
[Annotator "TA"]
[PlyCount "83"]
[EventDate "2020.05.15"]
[EventType "tourn"]
[SourceTitle "playchess.com"]
[Source "ChessBase"]
[SourceQuality "1"]

{[%evp 15,83,19,9,-6,45,50,61,58,55,54,72,68,68,35,16,18,27,8,23,23,5,18,17,12,11,13,14,19,0,7,0,0,110,115,108,120,99,110,122,95,239,232,234,235,235,233,248,232,247,188,284,277,266,211,329,331,555,373,479,382,443,432,995,892,843,262,947,871,1275,831]} 1. Nf3 d5 2. g3 Nf6 3. Bg2 g6 4. b3 Bg7 5. Bb2 c5 6. O-O O-O 7. c4 dxc4 8. bxc4 Nc6 9. Ne5 {A05: Réti Opening: 1 Nf3 Nf6.} Nxe5 (9... Na5 $11) 10. Bxe5 $14 Ne8 11. Bxg7 {White is slightly better.} Kxg7 12. Nc3 {[#]} Rb8 $146 ({Predecessor:} 12... Qd4 13. Qb3 Rb8 14. e3 Qd7 15. Rad1 b6 16. d4 cxd4 17. Rxd4 Qf5 18. Qa3 Nd6 19. Qxa7 {1-0 (41) Perske,T (2440)-Kraemer,E (2241) Schwaebisch Gmuend 2020}) 13. Qa4 a6 14. Rfd1 b5 15. cxb5 axb5 16. Qf4 ({Wrong is} 16. Nxb5 $2 Bd7 $19) 16... Qc7 17. Qe3 Nf6 18. a4 Ng4 19. Qe4 Nf6 20. Qc2 b4 21. Nb5 $1 $36 {[%cal Rb5c7][%mdl 2048] Black is under pressure.} Qe5 22. d4 cxd4 23. Nxd4 Bd7 (23... Bb7 $11 {keeps the balance.}) 24. a5 {[%cal Ba4a5,Ba5a6,Ba6a7][%mdl 32]} Rfc8 25. Qb2 {[#] And now a6 would win.} Rc7 26. a6 {aiming for a7.} Ra7 27. Bb7 Bc8 {Loses the game.} (27... Rbxb7 $16 28. axb7 Rxb7) 28. Bxc8 $18 {[%mdl 64] [#] Overworked Piece} ({Worse is} 28. Qxb4 Bxb7 29. axb7 Rbxb7 $11) 28... Rxc8 29. Qxb4 Qe4 30. Qb6 Rd7 {intending ...e5.} 31. a7 Ra8 32. Nb5 {Hoping for Rxd7.} Rxd1+ (32... Rb7 {might work better.} 33. Qa6 Ng4) 33. Rxd1 Qxe2 34. Rb1 {Threatens to win with Nc7.} Qa2 (34... Ne4 $142 35. Qe3 (35. Nc7 Nxf2 36. Qd4+ f6 $16) 35... Qxe3 36. fxe3 Nd6) 35. Re1 e5 $2 (35... Qb3 36. Qb7 Rxa7 37. Qxa7 Qxb5 38. Rxe7 Qb1+ 39. Kg2 Qb3) 36. h3 Qd2 37. Rxe5 Qd1+ 38. Kg2 Qa1 (38... Nd7 $142 39. Qe3 Nxe5 40. Qxe5+ Kg8) 39. Re2 Qa4 40. Qc6 $2 (40. Qb7 Rxa7 41. Nxa7) 40... Rf8 $2 (40... Rxa7 41. Nxa7 Qxa7) 41. Re3 Qb4 42. Ra3 {Accuracy: White = 63%, Black = 45%.} 1-0

[Event "FIDE Online Steinitz Memorial Open"]
[Site "Internet"]
[Date "2020.05.17"]
[Round "13"]
[White "Dubov, Daniil"]
[Black "Anton Guijarro, David"]
[Result "1-0"]
[WhiteElo "2720"]
[BlackElo "2590"]
[Annotator "TA"]
[PlyCount "107"]
[EventDate "2020.05.15"]
[EventType "tourn"]
[SourceTitle "playchess.com"]
[Source "ChessBase"]
[SourceQuality "1"]

{[%evp 9,107,21,22,-16,37,40,30,30,42,8,18,0,24,6,48,32,35,14,14,8,13,0,0,0,2,12,75,70,97,104,105,112,112,102,125,137,114,99,108,110,150,141,135,139,160,162,150,152,159,138,131,135,205,202,224,195,241,151,159,187,179,154,149,114,312,308,310,305,302,175,387,289,379,371,546,531,1032,1002,1185,1170,4137,4137,29985,29986,29986,29987,29987,29988,29988,29989,29989,29990,29990,29991,29990,29991,29991,29992,29994,29995]} 1. d4 d5 2. c4 dxc4 3. e4 Nf6 4. e5 Nd5 5. Bxc4 Bf5 6. Nc3 {D20: Queen's Gambit Accepted: 3 e3 and 3 e4.} e6 (6... Nb4 $11 7. Bb3 Nd3+ 8. Kf1 Qxd4) 7. Bxd5 $14 exd5 8. Nge2 {White has an edge.} Qd7 9. Be3 Nc6 {[#]} 10. a3 $146 ({Predecessor:} 10. O-O Nd8 11. Ng3 c6 12. Nxf5 Qxf5 13. Qa4 b5 14. Qd1 h5 15. a4 b4 16. Ne2 {½-½ (45) Bronstein,D (2435)-Barua,D (2480) London 1989}) 10... Be7 11. O-O O-O 12. Nf4 $36 {[%mdl 2048] White has good play.} Be6 13. b4 f6 14. Nxe6 Qxe6 15. f4 {[#] Hoping for f5.} fxe5 16. fxe5 ({Reject} 16. dxe5 d4 $17) 16... Rxf1+ 17. Qxf1 Rf8 (17... Nd8 $11 {keeps the balance.}) 18. Qb5 $16 {[%mdl 64] [#] Double Attack} Nd8 19. Qxd5 c6 20. Qxe6+ Nxe6 21. d5 cxd5 22. Nxd5 Bg5 23. Bxa7 Rd8 24. Rd1 Nc7 25. Nc3 Rxd1+ 26. Nxd1 {[%mdl 4096] Endgame KBN-KBN} Kf7 27. Kf2 Ke6 28. Be3 Be7 29. Nc3 Kxe5 30. Ke2 Ne6 (30... Nd5 $16) 31. Kd3 $18 g5 32. g3 g4 33. Nb5 h5 34. Nc3 h4 35. gxh4 Bxh4 36. a4 Be7 $2 {Black cannot hold the game after this.} (36... g3 $16 37. hxg3 Bxg3) 37. b5 Bd8 38. Kc4 Ba5 39. Bf2 (39. Nd5 $142) 39... Kf4 $2 (39... Ng5 {keeps fighting.} 40. Nd5 Ne4 41. Bd4+ Kf5) 40. Bg3+ Kf3 41. Nd5 Kg2 (41... Nf8 {was necessary.} 42. b6 Nd7) 42. Ne3+ Kh3 43. Kd5 Ng5 44. Nc4 Bd8 45. a5 Nf3 46. a6 {White mates.} bxa6 47. bxa6 Nxh2 48. Bxh2 Kxh2 {KB-KN} 49. a7 g3 50. a8=Q g2 51. Nd2 ({Not} 51. Qb8+ Kh1 $16) 51... Kg3 52. Qb8+ Kf2 53. Qf4+ Ke1 54. Qe3+ {Accuracy: White = 78%, Black = 46%.} 1-0

[Event "FIDE Online Steinitz Memorial Open"]
[Site "Internet"]
[Date "2020.05.17"]
[Round "13"]
[White "Le, Quang Liem"]
[Black "Xiong, Jeffery"]
[Result "1-0"]
[WhiteElo "2690"]
[BlackElo "2724"]
[Annotator "TA"]
[PlyCount "69"]
[EventDate "2020.05.15"]
[EventType "tourn"]
[SourceTitle "playchess.com"]
[Source "ChessBase"]
[SourceQuality "1"]

{[%evp 11,69,26,14,3,9,4,4,2,5,-2,1,-7,10,4,10,5,20,15,19,18,17,18,22,9,29,15,15,4,18,0,0,0,0,0,4,0,0,0,0,0,6,0,10,10,16,12,27,27,28,33,30,43,266,271,387,383,460,459,506,509]} 1. Nf3 d5 2. d4 Nf6 3. Bf4 c5 4. e3 Nc6 5. Nbd2 Bg4 6. c3 e6 7. h3 {D02: 1 d4 d5 2 Nf3 sidelines, including 2...Nf6 3 g3 and 2...Nf6 3 Bf4.} Bxf3 8. Nxf3 Bd6 9. dxc5 {The position is equal.} Bxc5 {[#]} 10. Bb5 $146 ({Predecessor:} 10. Be2 Bd6 11. Bxd6 Qxd6 12. O-O O-O 13. c4 Rfd8 14. Qa4 a6 15. Rfd1 b5 16. cxb5 axb5 17. Qxb5 {1-0 (32) Tran,M (2406)-Li,Z (2216) Bangkog 2018}) 10... O-O 11. O-O Ne7 12. Rc1 Ng6 13. Bh2 Bd6 14. Bxd6 Qxd6 15. Be2 Rfd8 16. c4 Qb6 17. Qc2 Rac8 18. Qb1 Ne7 19. Rfd1 Nf5 (19... dxc4 {looks sharper.} 20. Rxd8+ Qxd8 21. Bxc4 a6 22. Rc2 Rc7) 20. Bd3 (20. cxd5 {feels hotter.} Rxc1 21. Qxc1 Nxd5 22. Ne5 Nfe7 23. Bf3) 20... dxc4 21. Bxf5 exf5 22. Rxd8+ Rxd8 23. Rxc4 g6 24. Qc2 Ne4 25. Nd4 Nd6 26. Rc5 Qb4 27. g3 Ne4 28. Rc7 Qe1+ 29. Kg2 Nd2 30. Qc1 Qxc1 31. Rxc1 {Black must now prevent f3.} Rd7 $2 {[#] Now Black is done in.} (31... Ne4 $1 $14) 32. f3 $1 $18 b5 {[#]} (32... Rd5 {might work better.} 33. Rc2 Nb1) 33. b3 $1 g5 34. Nxf5 {White wants to mate with Rc8+.} f6 35. Nd4 {Accuracy: White = 100%, Black = 78%.} 1-0

[Event "FIDE Online Steinitz Memorial Open"]
[Site "Internet"]
[Date "2020.05.17"]
[Round "14"]
[White "Grischuk, Alexander"]
[Black "Dubov, Daniil"]
[Result "1-0"]
[WhiteElo "2765"]
[BlackElo "2720"]
[Annotator "TA"]
[PlyCount "109"]
[EventDate "2020.05.15"]
[EventType "tourn"]
[SourceTitle "playchess.com"]
[Source "ChessBase"]
[SourceQuality "1"]

{[%evp 16,109,44,34,48,43,41,37,42,44,47,47,57,42,32,34,45,53,54,40,61,24,31,10,11,0,0,0,14,0,23,31,42,41,50,20,100,43,68,18,79,75,87,84,255,208,207,208,954,143,29983,104,96,72,73,84,215,114,126,116,170,137,392,387,367,285,328,277,266,159,304,305,370,366,440,422,460,407,457,409,737,736,29975,29976,29969,5397,29989,29990,29990,1173,1173,1160,1159,1132,29998,29998]} 1. e4 Nf6 2. e5 Nd5 3. d4 d6 4. Nf3 g6 5. Bc4 Nb6 6. Bb3 Bg7 7. Ng5 e6 8. Qf3 Qe7 9. Ne4 $1 {Threatens to win with Bg5.} h6 {B04: Alekhine's Defence: 4 Nf3.} 10. exd6 cxd6 11. Bf4 d5 {White is slightly better.} 12. Nd6+ Kf8 13. c3 {[#]} h5 $146 ({Predecessor:} 13... Nc6 14. O-O g5 15. Nxc8 Nxc8 16. Be3 f5 17. Nd2 Nd6 18. Rae1 Bf6 19. Qd1 Na5 {½-½ (39) Roesch M,H (2410)-Pavlov,V (2415) ICCF email 2018}) 14. Nd2 Nc6 15. O-O g5 16. Nxc8 Nxc8 17. Be3 $1 Nd6 18. Rfe1 g4 19. Qe2 Bh6 20. Nf1 Qf6 21. Bc2 Ne7 22. Bd3 Nef5 23. Bxh6+ Rxh6 24. Qd2 Kg7 25. Re5 Rg8 (25... Rah8 $11) 26. Rae1 (26. Ng3 $16) 26... Kh8 27. a4 Qg7 (27... h4 $11 {remains equal.}) 28. Qf4 $16 h4 29. Ne3 {[%cal Re3f5]} g3 $2 (29... Qg5 $16 {was called for.} 30. Qxg5 Rxg5) 30. fxg3 (30. Nxf5 $6 gxh2+ 31. Qxh2 Nxf5 $16) 30... hxg3 31. h3 {[%cal Re3f5]} Rh4 $2 {[#]} (31... Nxe3 32. R1xe3 (32. R5xe3 Qf6 $16) 32... Qf6 33. Qxf6+ Rxf6) 32. Qf3 $2 ({Not} 32. Nxf5 Rxf4 33. Nxg7 Rxg7 $14) (32. Qxh4+ $1 $18 {[%mdl 512] and the rest is easy.} Qh6 (32... Nxh4 33. Rh5+) 33. Qxh6+ Nxh6 34. Rf1) 32... Nxe3 $2 {[%mdl 8192]} (32... Nh6 $16 33. Rd1 Nc8) 33. R1xe3 $2 (33. Rh5+ {mates} Qh7 34. Qf6+ {[%mdl 64] Double Attack} Rg7 35. Qd8+ Ne8 36. Rxh4 Qxh4 37. Qxh4+ Kg8 38. Qd8 $1 {[%mdl 512]}) 33... Qh6 34. Qe2 Rg5 35. Rf3 Rhh5 {[#]} (35... Rg7 $16 {was necessary.}) 36. Rxg5 (36. Rxg3 $1 $18 {[%mdl 512]} Nf5 (36... Rxg3 37. Rxh5) 37. Rxg5 Rxg5 38. Bxf5 Rxf5 39. Rxf5 exf5 40. Qe5+ Kg8 41. Kh2 (41. Qxf5 Qc1+ 42. Kh2 Qxb2 $16)) 36... Rxg5 37. Qe3 Qg7 (37... Qh4 $16 {keeps fighting.} 38. b3 Kg8) 38. Qf4 Nf5 $2 {[%mdl 8192]} (38... e5 $16 39. dxe5 Qxe5 40. Qxe5+ Rxe5) 39. Bxf5 $18 exf5 {[%mdl 4096] Endgame KQR-KQR} 40. Re3 {And now Qh4+ would win.} Kh7 41. Kf1 Qg6 42. Ke2 (42. Ke1 $18) 42... Qh5+ (42... Qb6 $16) 43. Kd2 Rg7 44. Re5 Rg5 45. Rxd5 Qg6 46. Re5 Qf6 47. Re3 Qg6 (47... Qd8 $142 48. Kc2 Qf6) 48. d5 f6 49. d6 Qg8 50. d7 (50. Re7+ $142 Kh6 51. d7 Kh5 52. Qf3+ {[%mdl 64] Double Attack} Kh6 53. Re8 Qb3 54. d8=Q Qxb2+ 55. Kd3) 50... Kg6 {[#]} 51. Qd6 $1 f4 {[#]} 52. d8=Q (52. Re6 $142 $1 Kh6 53. d8=Q Qxd8 54. Qxd8 Rg6 55. Rxf6 Rxf6 56. Qxf6+ {[%mdl 64] Double Attack} Kh7 57. h4) 52... fxe3+ 53. Kxe3 Re5+ 54. Kd2 Qb3 55. Q8xf6+ {Accuracy: White = 59%, Black = 37%.} 1-0

[Event "FIDE Online Steinitz Memorial Open"]
[Site "Internet"]
[Date "2020.05.17"]
[Round "14"]
[White "Xiong, Jeffery"]
[Black "Bu, Xiangzhi"]
[Result "1-0"]
[WhiteElo "2724"]
[BlackElo "2760"]
[Annotator "TA"]
[PlyCount "79"]
[EventDate "2020.05.15"]
[EventType "tourn"]
[SourceTitle "playchess.com"]
[Source "ChessBase"]
[SourceQuality "1"]

{[%evp 16,79,27,21,21,28,45,0,0,0,0,0,0,-5,6,12,0,0,12,16,18,9,8,0,21,15,17,2,63,10,12,19,51,19,40,20,299,310,302,281,258,208,189,186,185,181,173,162,160,162,244,244,248,248,330,284,386,369,1059,860,768,524,523,468,392,384]} 1. c4 c6 2. d4 d5 3. Nf3 Nf6 4. cxd5 cxd5 5. Nc3 Nc6 6. Bf4 Bf5 7. Qb3 Na5 8. Qa4+ Bd7 9. Qc2 e6 {9...e6 is better than 9...Rc8. D14: Slav Defence: Exchange variation with ...Bf5.} 10. e3 Nh5 11. Be5 (11. Bg5 $5 {[%cal Rg5d8]} f6 12. Bh4 $11) 11... f6 {The position is equal.} 12. Bg3 Rc8 13. Bd3 Bb4 14. O-O Nc4 15. Rac1 Nxg3 16. hxg3 {[#]} Bxc3 $146 ({Predecessor:} 16... Qa5 17. g4 Ke7 18. e4 Nxb2 19. Qxb2 Bxc3 20. Qe2 {1-0 (20) Potapova,M (2284)-Filipenko,A (2234) Sochi 2018}) 17. bxc3 g6 18. e4 dxe4 19. Bxe4 b5 20. Rfe1 Kf7 21. Qe2 Qb6 (21... Re8 $11) 22. Nd2 (22. g4 $14) 22... Nxd2 $11 23. Qxd2 Qd6 24. Re3 (24. a4 $5) 24... Kg7 25. Rce1 e5 $2 {[%mdl 8192] [#] Now Black is done in.} (25... b4 $11 {and Black stays safe.}) 26. Rd3 $1 $18 {dxe5 is the strong threat.} Be6 27. dxe5 Qe7 28. Bd5 Bxd5 29. Rxd5 Rhd8 30. Qd4 {[#] White wants to mate with exf6+.} Kf8 31. Re3 $36 {[%mdl 2048] Black is under strong pressure.} Rxd5 32. Qxd5 {[%mdl 4096] Endgame KQR-KQR} Rd8 (32... Rc5 $142 33. Qa8+ Qe8) 33. Qxb5 fxe5 34. Rxe5 Qf6 35. Re3 {aiming for Rf3!} Kg7 36. Qb7+ Kh6 $2 (36... Kg8 37. Re7 a6 38. Rxh7 Rf8) 37. Re4 g5 38. Qxa7 Rd1+ 39. Kh2 {Strongly threatening f4.} Qg6 40. Qe3 {Accuracy: White = 70%, Black = 61%.} 1-0

[Event "FIDE Online Steinitz Memorial Open"]
[Site "Internet"]
[Date "2020.05.17"]
[Round "14"]
[White "Mamedyarov, Shakhriyar"]
[Black "Le, Quang Liem"]
[Result "1-0"]
[WhiteElo "2716"]
[BlackElo "2690"]
[Annotator "TA"]
[PlyCount "79"]
[EventDate "2020.05.15"]
[EventType "tourn"]
[SourceTitle "playchess.com"]
[Source "ChessBase"]
[SourceQuality "1"]

{[%evp 12,79,3,4,22,20,31,21,21,14,25,14,41,7,23,1,4,0,0,-16,-14,-40,-33,-45,-17,-18,18,0,26,8,67,66,104,86,87,68,83,5,4,-25,0,0,62,62,89,89,115,101,150,102,186,186,208,206,214,214,214,214,1318,108,109,0,1308,1271,1192,1129,2036,2034,29983,5305]} 1. d4 Nf6 2. c4 e6 3. Nc3 Bb4 4. Qc2 d5 5. a3 Bxc3+ 6. Qxc3 O-O {outshines the older 6...Ne4.} 7. Bg5 h6 {E36: Nimzo-Indian: Classical: 4...d5 5 a3.} 8. Bxf6 Qxf6 9. Nf3 c6 {The position is equal.} 10. h4 $5 {[%mdl 4] Exploring less charted territory.} Nd7 11. g4 Qe7 12. g5 h5 $1 13. e3 {[#]} g6 $146 ({Predecessor:} 13... dxc4 14. Bxc4 b6 15. O-O-O Bb7 16. g6 fxg6 17. Ng5 Rf6 18. f4 b5 19. Ba2 c5 {½-½ (56) Mamedyarov,S (2808)-Anand,V (2759) Paris 2018}) 14. Be2 dxc4 15. Bxc4 b6 16. Bd3 Bb7 17. Be4 Rac8 (17... f5 $5 {[%cal Rf5e4]} 18. gxf6 (18. Bxc6 $2 Rac8 $19) 18... Nxf6 19. Bxg6 Nd5 $15 {[%mdl 64] Discovered Attack}) 18. Qc2 Kg7 19. Rc1 Ba8 20. O-O Rc7 (20... e5 $11) 21. Rfd1 $14 c5 22. Bxa8 Rxa8 23. Qe4 Re8 24. Ne5 ({Better is} 24. dxc5 $16 {Black must now prevent c6.} Rxc5 25. b4 Rxc1 26. Rxc1) 24... Nxe5 $11 25. dxe5 Rd8 26. Qf4 {Threatens to win with Qf6+.} Kf8 (26... Rd5 $11) 27. Rd6 $14 Ke8 28. Rcd1 $36 {[%mdl 2048] White is on the roll.} Rdd7 29. Qa4 Kd8 30. Qb5 Kc8 (30... Qe8 $16) 31. Rxd7 $18 {[%mdl 64] Overworked Piece} Rxd7 {[%mdl 4096] Endgame KQR-KQR} 32. Qc6+ Kd8 33. Qa8+ Kc7 34. Qxa7+ Kc6 $2 {[#]} (34... Kc8 35. Rxd7 Qxd7 36. Qxb6 Qd1+ 37. Kh2 Qc2) 35. Qa4+ $2 (35. Rd6+ $1 $18 {[%mdl 512] is the precise move to win.} Qxd6 (35... Rxd6 36. Qxe7) 36. Qa4+ Kc7 37. Qa7+ Kd8 38. Qa8+ (38. exd6 $2 {loses.} Rxa7 39. Kf1 Ra4 $19) 38... Ke7 39. exd6+ Rxd6 40. Qb7+ Ke8 41. Qc7 Rd1+ 42. Kg2) 35... Kc7 $16 36. Qa7+ $2 {[%mdl 8192]} (36. Rxd7+ $16 Qxd7 37. Qf4) 36... Kc6 $18 {[#]} 37. Rd6+ $1 {[%mdl 512]} Qxd6 (37... Rxd6 38. Qxe7) 38. Qa8+ Kb5 39. exd6 {b3 would kill now.} Rxd6 40. Qe8+ {Accuracy: White = 76%, Black = 39%.} (40. b3 $142 Rd1+ 41. Kg2 c4 42. bxc4+ Kc5 43. Qc8+ Kd6 44. Qd8+ {[%mdl 64] Double Attack} Kc6 45. Qxd1) 1-0

[Event "FIDE Online Steinitz Memorial Open"]
[Site "Internet"]
[Date "2020.05.17"]
[Round "14"]
[White "Korobov, Anton"]
[Black "Svidler, Peter"]
[Result "1-0"]
[WhiteElo "2667"]
[BlackElo "2754"]
[Annotator "TA"]
[PlyCount "201"]
[EventDate "2020.05.15"]
[EventType "tourn"]
[SourceTitle "playchess.com"]
[Source "ChessBase"]
[SourceQuality "1"]

{[%evp 9,201,14,33,0,25,14,91,37,38,35,44,47,49,56,45,45,54,13,0,0,9,-2,4,-7,27,13,18,0,28,33,40,31,31,21,79,56,40,43,78,67,78,64,167,133,143,105,125,126,160,139,152,132,179,160,246,240,231,247,380,326,775,212,212,212,185,141,111,114,461,455,495,494,494,492,479,473,464,464,443,434,531,520,437,0,599,294,515,515,633,560,695,684,662,621,1073,1029,853,745,29965,472,434,306,472,335,465,467,443,204,246,0,0,0,0,0,0,0,0,0,0,0,0,0,0,0,0,0,0,0,257,257,257,250,257,0,1515,1408,1341,1303,1215,1074,5034,5089,29977,29978,29978,29979,29988,29969,12793,3279,29989,29979,29979,29974,29982,29970,5089,0,29982,29983,29983,29984,29984,29985,29991,29988,29988,29977,29977,29977,29977,29978,29978,29979,29979,29980,29980,0,29970,0,2,0,29971,29972,29981,0,0,0,29981,29982,29979,29980,29989,29990]} 1. d4 Nf6 2. c4 g6 3. g3 Bg7 4. Bg2 O-O 5. Nc3 Nc6 6. h3 {[#] E61: King's Indian: Early deviations for White, including Smyslov System.} e5 $146 ({Predecessor:} 6... d6 7. Nf3 Bf5 8. O-O Ne4 9. Nd5 Bd7 10. Ne3 a5 11. d5 Nb4 12. Nd4 Nc5 13. b3 Ncd3 14. exd3 Bxd4 15. Rb1 Nxa2 16. Bb2 Bxb2 17. Rxb2 {0-1 (53) Ilincic,Z (2521)-Ftacnik,L (2566) Leon 2001}) 7. d5 Nd4 (7... Na5 $11 {remains equal.}) 8. e3 ({Better is} 8. g4 $1 $16) 8... Nf5 $14 9. Nge2 d6 10. e4 Nd4 11. Be3 (11. Nxd4 exd4 12. Nb5 (12. Qxd4 $2 Nxe4 13. Qxe4 Re8 $19) 12... Nxe4 $1 $11 {[%mdl 512]}) 11... Nxe2 12. Qxe2 Nd7 13. O-O f5 14. exf5 gxf5 15. f4 a6 16. Rad1 Qe7 17. Qd2 Kh8 18. b3 exf4 19. Bxf4 Ne5 20. Rfe1 $36 {[%mdl 2048] White has the initiative.} Bd7 21. c5 Qf7 (21... Qf6 $11 {keeps the balance.}) 22. c6 bxc6 23. dxc6 Nxc6 24. Nd5 Rac8 $1 25. Rc1 Ne5 (25... Rfe8 $14) 26. Nxc7 Bc6 {Hoping for ...Bxg2.} 27. Bxc6 Qxc7 28. Bg2 Qb6+ 29. Kh2 a5 30. Red1 Rxc1 31. Rxc1 Ng6 (31... Rg8 $16 32. Kh1 Re8) 32. Bxd6 $18 Rd8 33. Rc6 Qb5 (33... Qd4 $142 34. Qxd4 (34. Qxa5 Rxd6 35. Rc8+ Nf8 $17) 34... Bxd4) 34. Qc2 Be5 $2 (34... f4 35. gxf4 Nf8) 35. Rc8 $2 (35. Rc5 Bxg3+ 36. Bxg3) 35... Rxc8 36. Qxc8+ Kg7 37. Qc7+ Kf6 38. Bxe5+ Nxe5 $4 {[%mdl 8192]} (38... Qxe5 $16 {is more resistant.} 39. Qd8+ (39. Qxh7 f4 $11) 39... Kg7) 39. Qd6+ Kg7 40. a4 Qe2 41. Qe7+ Kg6 42. Qe6+ Kg7 43. Qxf5 Qe3 44. h4 (44. Be4 Qd2+ 45. Bg2 Qe3 $18) 44... Qe2 {intending ...Ng4+.} 45. Qg5+ Kf7 {( -> ...Nf3+)} 46. Qf5+ $2 (46. Kh3 $18) 46... Ke7 $2 {[%mdl 8192]} (46... Kg7 $11) 47. Kh3 (47. Qxh7+ $142 Kf6 48. Qh6+ Kf7 49. Qf4+ Ke8 50. Kh3) 47... h5 $2 (47... h6 48. Be4 Nd7 49. Qh7+ Kd8 50. Qh8+ Ke7) 48. Qe4 Qb2 49. Bf3 Kf6 50. Qf4+ Ke6 51. Bxh5 Qxb3 52. Bg4+ Kd5 53. Bf5 Qd1 54. Qe4+ (54. Be4+ $142 Kd6 55. Qf6+ Kd7 56. Qxe5 Qf1+ 57. Bg2 Qf7 58. Qb5+ Kc8 59. Qxa5 Qd7+ 60. Kh2) 54... Kd6 55. Qg2 Nf3 (55... Qxa4 {was necessary.} 56. Qd2+ Ke7) 56. Be4 Ng5+ 57. Kh2 Ne6 58. Bf5 (58. Bc2 $142 Qe1 59. Bf5) 58... Qxa4 59. Bxe6 $2 ({White must play} 59. Qe2 $1 $18 {[%cal Re2e6]} Nd4 60. Qd2) 59... Kxe6 {[%mdl 4096] Endgame KQ-KQ} 60. Qe2+ Kf6 61. Qa6+ Kg7 62. Qb7+ Kg6 63. Qb6+ Kg7 64. Qc7+ Kg6 65. Qd6+ Kg7 66. Qe5+ Kg6 67. h5+ Kh6 68. Kh3 {Threatens to win with Qh8+.} Qd1 $2 {[%mdl 8192]} (68... Kh7 $11 {and Black is okay.}) 69. Qh8+ ({Weaker is} 69. Qxa5 Qxh5+ 70. Qxh5+ Kxh5 $11) 69... Kg5 {[%cal Rd1h1]} 70. Qg7+ Kf5 {[%cal Rd1h1]} 71. g4+ $2 ({White should play} 71. Qg6+ $18 Ke5 72. Qg5+ Ke6 73. Qxa5 (73. Qg4+ Qxg4+ 74. Kxg4 a4 $19)) 71... Ke4 $2 {[%mdl 8192]} (71... Ke6 $11) 72. Qe7+ Kf3 73. Qf6+ Ke3 74. Qe5+ Kf2 75. Qf4+ Ke1 76. Qe3+ Kf1 77. h6 Qd7 78. Qf4+ Ke2 79. Qe4+ Kf2 80. h7 Qg7 81. Qf5+ Kg1 82. Qc5+ Kf1 83. Qf5+ (83. Kg3 $18 Ke2 84. Qb5+ Kd1 85. Qd3+ Kc1 86. Qe3+ Kb2 87. Qb6+ Kc2 88. Qxa5) 83... Kg1 $1 84. g5 Qc3+ 85. Kg4 Qd4+ 86. Kh5 Qd1+ 87. Kh6 Qd6+ 88. Qf6 Qh2+ 89. Kg7 Qc7+ 90. Kg6 Qc2+ {[#]} 91. Qf5 $1 Qc6+ 92. Kh5 Qh1+ 93. Kg6 Qc6+ $1 94. Qf6 $2 (94. Kg7 Qc7+ 95. Kh6 Qh2+ 96. Kg7 Qc7+ 97. Qf7 Qe5+ 98. Kg6 Qd6+ 99. Kg7 Qe5+ 100. Qf6 Qc7+ 101. Qf7 Qe5+) 94... Qc2+ $11 95. Kg7 $2 {[%mdl 8192]} (95. Kf7 $11 Qxh7+ 96. Kf8) 95... Qc7+ 96. Qf7 Qc3+ 97. Kg8 $2 (97. Kh6 {mates} Qe5 98. Qh5 Kf2 99. Qh4+ (99. g6 Qf4+ 100. Kg7 Qd4+ 101. Kf7 Qd7+ 102. Kf8 Qd8+ 103. Kg7 Qe7+ 104. Kg8 Qe6+ 105. Kg7 Qe7+ 106. Kh6 Qf8+ 107. Kg5 Qe7+ 108. Kg4 Qb4+ 109. Kf5 Qc5+ 110. Kg4 Qb4+ 111. Kf5 Qc5+ 112. Kg4 Qb4+ $11) 99... Ke2 100. g6 Qe3+ 101. Qg5 Qc3 102. Qe7+ Kd2 103. Qd8+ Kc1 104. h8=Q Qh3+ {[#]} 105. Kg7 $1 {[%mdl 512]} Qc3+ 106. Kf7 Qc4+ 107. Ke7 Qe4+ 108. Kd7 Qf5+ 109. Kc7) 97... Qc8+ 98. Kg7 $2 {[%mdl 8192]} (98. Qf8 $11 Qe6+ 99. Qf7 Qc8+ 100. Kg7 Qc3+ 101. Kh6) 98... Qc3+ 99. Kh6 {White mates.} Qh3+ 100. Qh5 Qe6+ 101. g6 {Accuracy: White = 79%, Black = 54%.} 1-0